Movie Heroes from AFI's 100 Years... 100 Heroes and Villains - Statistics

General Stats
  • This quiz has been taken 57 times
  • The average score is 11 of 15
Answer Stats
Hint Answer % Correct
Caped crusader of Gotham Batman
98%
Superhero from Krypton in 1978 Superman
96%
German industrialist who kept a list that became a Best Picture movie Oskar Schindler
91%
Smuggler and captain of the Millenium Falcon in "Star Wars" Han Solo
89%
Biblical prophet who carried "The Ten Commandments" Moses
89%
Luke Skywalker's Jedi mentor in "Star Wars" Obi-Wan Kenobi
87%
Slave who leads a revolt against the decadent Roman Republic Spartacus
83%
Lawyer who knows it's wrong "To Kill A Mockingbird" Atticus Finch
78%
General who becomes a "Gladiator" Maximus Decimus Meridus
76%
Controversial U.S. Army general's WWII exploits Patton
74%
Aristocrat who dons a mask, becomes a vigilante, and leaves his "Mark" Zorro
74%
Charlie Chaplin's classic character in "City Lights" The Tramp
54%
Father of a poor Midwest family forced off their land in "The Grapes of Wrath" Tom Joad
52%
First baseman who was "The Pride of the Yankees" Lou Gehrig
50%
Lawyer with AIDS in "Philadelphia" Andrew Beckett
24%
No matching quizzes found
Score Distribution
Percent of People with Each Score
Percentile by Number Answered
Your Score History
You have not taken this quiz